| 000 | 00621nam a22002297a 4500 | ||
|---|---|---|---|
| 008 | 150511b xxu||||| |||| 00| 0 eng d | ||
| 020 | _a9780073525006 | ||
| 020 | _a0073525006 | ||
| 041 | 0 | _aeng | |
| 080 | _a347.12 | ||
| 100 | 1 | _aMcAdams, Tony. | |
| 245 | 1 | 0 |
_aLaw, business, and society / _cTony McAdams, Nancy Neslund, Kiren Dosanjh Zucker. |
| 250 | _a10th ed. | ||
| 260 |
_aNew York, NY : _bMcGraw-Hill, _c2012. |
||
| 300 |
_a918 f. ; _c24 cm. |
||
| 650 | 0 | _aBiznes | |
| 650 | 0 | _aNdërmarrje | |
| 650 | 0 | _aEtika e Biznesit | |
| 700 | 1 | _aNeslund, Nancy. | |
| 700 | 1 | _aZucker, Kiren Dosanjh. | |
| 942 |
_2udc _cBK |
||
| 999 |
_c727 _d727 |
||